00772nam a22002537a 450000500170000001000110001702000100002803500110003803700160004904000120006508200130007710000280009024500730011826000430019127000130023430000230024750000200027065000230029065000180031370000280033194200220035999900190038195201180040020170124110158.0 a310798 c00.00 a310798 bCen Lib/Ret aDPLbEN a160bCAR aCarney, James D.935410 aFundamentals of logic /cby James D. Carney [and] Richard K. Scheer  aNew YorkbThe macmillan company c1964 bNew York axv,474p.c21cm(Hb) aIncludes index  aPsychology 935411 aLogic 934384 aScheer, James D.935399 2ddccENh160mCAR c132665d132665 00104070aLbLd2015-07-23eCen Lib/Retg0.00l0o160 CARp310798r2015-07-23 00:00:00t1v0.00w2015-07-23yEN